Jason Lee Filmography - Statistics

General Stats
  • This quiz has been taken 46 times
    6 since last reset
  • The average score is 12 of 96
Answer Stats
Type Year Name % Correct
Film 2007 Alvin and the Chipmunks
80%
Video Game 2007 Alvin and the Chipmunks
80%
Film 1997 Chasing Amy
80%
Film 2003 A Guy Thing
60%
Film 2011 Alvin and the Chipmunks: Chipwrecked
60%
Film 1995 Mallrats
60%
TV Show 2005-2009 My Name Is Earl
60%
Film 2015 Alvin and the Chipmunks: The Road Chip
40%
Film 2009 Alvin and the Chipmunks: The Squeakquel
40%
Film 2006 Clerks II
40%
Film 1999 Dogma
40%
Film 1996 Drawing Flies
40%
Film 2019 Jay and Silent Bob Reboot
40%
TV Show 2005 Saturday Night Live
40%
Video Game 2010 skate 3
40%
Film 2002 Stealing Harvard
40%
Film 2004 The Incredibles
40%
Video Game 2004 The Incredibles
40%
Film 1997 A Better Place
20%
Film 2000 Almost Famous
20%
Film 1998 American Cuisine
20%
Film 2010 Cop Out
20%
Film 1998 Enemy of the State
20%
Film 2001 Heartbreakers
20%
Film 2001 Jay and Silent Bob Strike Back
20%
Film 2004 Jersey Girl
20%
Film 1998 Kissing a Fool
20%
Film 1994 Mi Vida Loca
20%
Film 2024 The 4:30 Movie
20%
Short Film 1991 Video Days
20%
TV Show 2015-2019 We Bare Bears
20%
TV Film 2020 We Bare Bears: The Movie
20%
Music Video 1992 100%
0%
Commercial 2004 2004 Tour de France
0%
TV Show 2006, 2016 American Dad!
0%
TV Film 2015 Away and Back
0%
Film 2014 Behaving Badly
0%
Film 2002 Big Trouble
0%
TV Show 2008 Celebrity Family Feud
0%
Documentary 2023 Chasing Chasing Amy
0%
TV Film 2015 Cocked
0%
Film 2012 Columbus Circle
0%
TV Show 2001, 2002 Comedy Central Canned Ham
0%
Film 2004 Corporate Ghost
0%
Video Game 2013 Disney Infinity
0%
Video Game 2015 Disney Infinity 3.0
0%
Video Game 2014 Disney Infinity: Marvel Super Heroes
0%
Film 2003 Dreamcatcher
0%
Film 2005 Drop Dead Sexy
0%
Film 2017 Growing Up Smith
0%
TV Film 1996 Hiatus
0%
Commercial 2016-2017 IHOP
0%
Film 2003 I Love Your Work
0%
Short Film 2005 Jack-Jack Attack
0%
Music Video 1993 Jimmy's Fantasy
0%
Web Mini-Series 2024 LEGO Pixar: BrickToons
0%
Video Game 2018 LEGO The Incredibles
0%
Director 2003 Lonesome Tears
0%
Film 1994 Lucky Chance
0%
TV Show 2010-2011 Memphis Beat
0%
TV Show 2013 Men at Work
0%
Film 2006 Monster House
0%
Film 1999 Mumford
0%
Film 2012 Noah's Ark: The New Beginning
0%
Documentary 2004 Oh, What a Lovely Tea Party
0%
TV Show 1997 Perversions of Science
0%
TV Show 2002 Player$
0%
TV Show 2010, 2012, 2013 Raising Hope
0%
Documentary 2006 Rising Son: The Legend of Christian Hosoi
0%
TV Film 2013 Second Sight
0%
Director 2011 Shredd
0%
Documentary 2003 Stoked: The Rise and Fall of Gator
0%
Film 2014 Tell
0%
Film 2005 The Ballad of Jack and Rose
0%
Film 2017 The Best Fishing Hooks of All
0%
Web Series 2021 The Harper House
0%
TV Show 2008 The Hills
0%
Documentary 2024 The House From...
0%
Video Game 2004 The Incredibles: When Danger Calls
0%
Documentary 2007 The Man Who Souled the World
0%
Film 2011 The Other Side
0%
Web Mini-Series 2025 The Residence
0%
Director 2006 The White Door
0%
Video Game 2006 Tony Hawk's Project 8
0%
Film TBA Twilight of the Mallrats
0%
Film 2007 Underdog
0%
TV Show 2011-2012 Up All Night
0%
TV Film 2020 Valley Trash
0%
Film 2001 Vanilla Sky
0%
Commercial 2009 Vonage
0%
Short Film 2004 Way Out East
0%
TV Film 1997 Weapons of Mass Distraction
0%
Short Film 2016 We Bare Bears: Charlie's Opus
0%
Documentary 2013 We Ride: The Story of Snowboarding
0%
TV Short 2016 What Goes Around Comes Around
0%
Web Series 2007 Yacht Rock
0%
No matching quizzes found
Score Distribution
Percent of People with Each Score
Percentile by Number Answered
Your Score History
You have not taken this quiz since the last reset